000 01442nam a2200385 i 4500
999 _c200459147
_d77359
001 200459147
003 TR-AnTOB
005 20240220103030.0
007 ta
008 240220t20011915dcu b 001 0 eng d
020 _a9781587981012
_q(paperback)
020 _a1587981017
_q(paperback)
035 _a(TR-AnTOB)200459147
040 _aTR-AnTOB
_beng
_erda
_cTR-AnTOB
041 1 _aeng
_hfre
050 4 _aKJV4050
_b.B75713 2001
090 _aKJV4050
_b.B75713 2001
100 1 _aBrissaud, Jean,
_d1854-1904
_eauthor
_9144983
240 1 0 _aCours d'histoire générale du droit français public et privé.
_lEnglish
245 _aA history of French public law /
_cby Jean Brissaud ; translated by James W. Garner ; with introductions by Harold D. Hazeltine ; and by Westel W. Willoughby.
264 1 _aWashington, D.C. :
_bBeard Books,
_c2001.
264 4 _c©1915
300 _alviii, 581 pages ;
_c24 cm
336 _atext
_btxt
_2rdacontent
337 _aunmediated
_bn
_2rdamedia
338 _avolume
_bnc
_2rdacarrier
490 _aA Law Classic
504 _aBIBINDX
650 0 _aPublic law
_zFrance
_xHistory
_9144985
700 1 _aGarner, James Wilford,
_d1871-1938
_etranslator
_9144986
700 1 _aHazeltine, Harold D.
_q(Harold Dexter),
_d1871-1960
_ewriter of introduction
_9144987
700 1 _aWilloughby, Westel Woodbury,
_d1867-1945
_ewriter of introduction
_9144988
942 _2lcc
_cBK